Normal view
MARC view
- Brock, Horace R.,
Entry Personal Name
001 - CONTROL NUMBER
- control field: 226
003 - CONTROL NUMBER IDENTIFIER
- control field: URS
005 - DATE AND TIME OF LATEST TRANSACTION
- control field: 20210526143046.0
008 - FIXED-LENGTH DATA ELEMENTS
- fixed length control field: 210526|| aca||aabn | a|a d
040 ## - CATALOGING SOURCE
- Original cataloging agency: URS
100 ## - HEADING--PERSONAL NAME
- Personal name: Brock, Horace R.,
- Relator term: author







Phil. Journal of Health Research & Development
Phil. Journal of Neurology
Philippine Journal of Nuclear Medicine
Philippine Journal of Ophthalmology







Philippine eJournals
Tritech Digital Media
Bangko Sentral ng Pilipinas Resources













